L´Art du Verre (Record no. 4880)

MARC details
000 -CABECERA
campo de control de longitud fija 00712nam a2200229 a 4500
001 - NÚMERO DE CONTROL
campo de control BRCA_5186
005 - FECHA Y HORA DE LA ÚLTIMA TRANSACCIÓN
campo de control 20190320204956.0
008 - DATOS DE LONGITUD FIJA--INFORMACIÓN GENERAL
campo de control de longitud fija 261110s1965----gw-a######---#000-0#fre-#
041 ## - CÓDIGO DE LENGUA
Código de lengua del texto/banda sonora o título independiente fre
044 ## - CÓDIGO DEL PAÍS DE LA ENTIDAD EDITORA/PRODUCTORA
Código MARC del país gw
050 #4 - SIGNATURA TOPOGRÁFICA DE LA BIBLIOTECA DEL CONGRESO
Número de clasificación NK5103
Número de documento/Ítem .S28 1965
100 1# - ENTRADA PRINCIPAL--NOMBRE DE PERSONA
Nombre de persona Savage, George
9 (RLIN) 10876
245 10 - MENCIÓN DE TÍTULO
Título L´Art du Verre
Mención de responsabilidad, etc. George Savage ; texte francais de Jeanine Carlander.
260 ## - PUBLICACIÓN, DISTRIBUCIÓN, ETC.
Lugar de publicación, distribución, etc. Alemania
Nombre del editor, distribuidor, etc. Hachette
Fecha de publicación, distribución, etc. c1965
300 ## - DESCRIPCIÓN FÍSICA
Extensión 128 p.
Otras características físicas il. (algunas a color), 141 láminas
Dimensiones 22 cm.
440 #0 - MENCIÓN DE SERIE/PUNTO DE ACCESO ADICIONAL--TÍTULO
Título Plaisir des images
9 (RLIN) 13267
500 ## - NOTA GENERAL
Nota general Donación Dr. Héctor Rivero Borrell Vázquez
650 14 - PUNTO DE ACCESO ADICIONAL DE MATERIA--TÉRMINO DE MATERIA
Término de materia o nombre geográfico como elemento de entrada Arte en vidrio
Subdivisión de forma Catálogos
Subdivisión geográfica Francia
9 (RLIN) 13268
700 1# - PUNTO DE ACCESO ADICIONAL--NOMBRE DE PERSONA
Nombre de persona Carlander, Jeanine
9 (RLIN) 13269
902 ## - CATALOGADOR
Iniciales DHR
942 ## - ELEMENTOS DE PUNTO DE ACCESO ADICIONAL (KOHA)
Fuente del sistema de clasificación o colocación Library of Congress Classification
Tipo de ítem Koha Libros
Holdings
Estado de retiro Estado de pérdida Estado dañado No para préstamo Localización permanente Ubicación/localización actual Fecha de adquisición Total de préstamos Signatura topográfica completa Código de barras Fecha visto por última vez Precio válido a partir de Tipo de ítem Koha
El ejemplar forma parte de la colección y puede ser consultado según las políticas vigentes.       Biblioteca del Museo Franz Mayer (Rogerio Casas-Alatriste) Biblioteca del Museo Franz Mayer (Rogerio Casas-Alatriste) 24/11/2010   NK5103 .S28 1965 DHR00009 22/03/2019 22/03/2019 Libros